| 000 | 01220cab a2200313 4500 | ||
|---|---|---|---|
| 001 | ABS44389 | ||
| 008 | 090401t1991 xxu||||| |||| 00| 0 eng d | ||
| 035 | _a(Sirsi) u46867 | ||
| 041 | _aeng | ||
| 245 | _aBeds and Bucks | ||
| 260 | _c1991 | ||
| 350 | _a0 | ||
| 490 |
_aEstates Times _v(1090) 5 April 1991, 23-48 (21) |
||
| 520 | _aThis Estates Times survey on Bedfordshire and Buckinghamshire looks at office , retail and industrial market in Milton Keynes , High Wycombe , Aylesbury , Bedford , Luton and planning policy . Profiles Scotnet Property , Queens Moat , Ossary Estates and Dixons Commercial Properties . Assess the role of the Milton Keynes Development Corporation . | ||
| 650 | _aBUILT ENVIRONMENT-BUILDING ELEMENTS-COMPLETE BUILDING SERVICES ELEMENTS-COMPLETE HEATING, VENTILATION AND AIR CONDITIONING SYSTEMS | ||
| 650 | _aAMERSHAM | ||
| 650 | _aBEACONSFIELD | ||
| 650 | _aBOURNE END | ||
| 650 | _aBRIDE HALL | ||
| 650 | _aBUSINESS PARKS | ||
| 650 | _aCHALFONT ST PETER | ||
| 650 | _aDEVELOPMENT | ||
| 650 | _aM40 CORRIDOR | ||
| 650 | _aMARLOW | ||
| 650 | _aNEW TOWNS | ||
| 690 | _aPROPERTY-COMMERCIAL PROPERTY-COMMERCIAL PROPERTY MARKET | ||
| 942 | _n0 | ||
| 948 | _c04/03/1997 | ||
| 999 |
_c29583 _d29583 |
||